World educational forum-A report (Record no. 92893)

MARC details
000 -LEADER
fixed length control field 00431nam a2200181Ia 4500
008 - FIXED-LENGTH DATA ELEMENTS--GENERAL INFORMATION
fixed length control field 230125s9999 xx 000 0 und d
041 ## - LANGUAGE CODE
Language code of text/sound track or separate title eng
082 ## - DEWEY DECIMAL CLASSIFICATION NUMBER
Classification number 376
Item number UNE
100 ## - MAIN ENTRY--PERSONAL NAME
Personal name Unesco, Pub.
9 (RLIN) 114814
245 ## - TITLE STATEMENT
Title World educational forum-A report
260 ## - PUBLICATION, DISTRIBUTION, ETC. (IMPRINT)
Date of publication, distribution, etc. 1990
Name of publisher, distributor, etc. Unesco Pub
300 ## - PHYSICAL DESCRIPTION
Extent 84p
500 ## - GENERAL NOTE
Keywords Education
500 ## - GENERAL NOTE
Keywords Unesco
650 ## - SUBJECT ADDED ENTRY--TOPICAL TERM
Topical term or geographic name as entry element Education
700 ## - ADDED ENTRY--PERSONAL NAME
Personal name Unesco, Pub.
9 (RLIN) 114814
Holdings
Withdrawn status Lost status Damaged status Not for loan Home library Current library Date acquired Vendor Full call number Barcode Date last seen Bill Date Koha item type Original Barcode
        Smt. Hiraben Nanavati Institute of Management & Research for Women Smt. Hiraben Nanavati Institute of Management & Research for Women 13/07/2001 Satya Gilani 376 UNE DB0475 HIMR-DB-475 25/01/2023 17/08/2001 Donated Book DB0475